00784nam a22002057a 450000500170000002000250001703700250004210000250006724501420009226000440023427000410027830000290031949000270034870000260037570000230040170000260042494200170045099900170046795200940048420111212152439.0 a9788121938280c99.00 bS. Chand Publishing  aKiralfy, Bob 936862 aThe most excellent book of how to be a cheerleader /cby Bob Kiralfy; edited by Sarah Levete; illustrated by Rab Shone (and) Peter Harper aNew Delhi bS. Chand Publishing c2011 a7361, Ram Nagar bNew Delhi e110055 a32p. bill. c24cm(pbk)  aMost excellent 936863 a Levete, Sarah936859 aShone, Rob 936864 a Harper, Peter936865 2ddccCHmKIR c59322d59322 00104070aAGbAGd2011-12-12g99.00l0oKIRr2011-12-12 00:00:00v99.00w2011-12-12yCH